LEADER 01535nam a2200385 a 4500
001 007784697-4
005 20020606104010.5
008 940510m19971999gw ab 000 0 ger d
020 |a 3528062479 (set) 
020 |a 3528062487 (Bd. 3) 
035 0 |a ocn648155118 
035 0 |a ocm39197264 
035 1 |a MAHA99B1355 
040 |d MH-FA 
043 |a e-gx--- 
245 0 0 |a Landkreis Hersfeld-Rotenburg /  |c herausgegeben vom Landesamt für Denkmalpflege Hessen ; Ellen Kemp. 
260 |a Braunschweig :  |b Vieweg,  |c c1997-1999. 
300 |a 3 v. :  |b ill. (some col.), maps ;  |c 31 cm. 
490 1 |a Denkmaltopographie Bundesrepublik Deutschland. Kulturdenkmäler in Hessen 
500 |a Bd. 3 edited by Thomas Wiegand. 
505 0 |a Bd. 1. Alheim bis Kirchheim -- Bd. 2. Ludwigsau bis Wildeck -- [Bd]. 3. Stadt Bad Hersfeld. 
650 0 |a Architecture  |z Germany  |z Hersfeld-Rotenburg. 
650 0 |a Historic buildings  |z Germany  |z Hersfeld-Rotenburg. 
651 0 |a Hersfeld-Rotenburg (Germany)  |x History, Local. 
650 0 |a Architecture, Domestic  |z Germany  |z Hersfeld-Rotenburg. 
650 0 |a Architecture  |z Germany  |z Bad Hersfeld. 
650 0 |a Historic buildings  |z Germany  |z Bad Hersfeld. 
651 0 |a Bad Hersfeld (Germany)  |x History. 
650 0 |a Architecture, Domestic  |z Germany  |z Bad Hersfeld. 
700 1 |a Kemp, Ellen. 
700 1 |a Wiegand, Thomas. 
710 2 |a Landesamt für Denkmalpflege Hessen. 
830 0 |a Denkmaltopographie Bundesrepublik Deutschland.  |p Kulturdenkmäler in Hessen. 
988 |a 20020608 
906 |0 RLIN